| 000 | 00425nam a2200145Ia 4500 | ||
|---|---|---|---|
| 999 |
_c21849 _d21849 |
||
| 082 | _aRR.0036 | ||
| 100 | _aRathore, Mohan Singh | ||
| 245 | 0 | _aStudy on the leisure hour occupation of manual workers in Jodhpur City | |
| 260 |
_c0 _bUniversity Grants Commission, New Delhi |
||
| 300 | _a133p. | ||
| 650 | _aLEISURE | ||
| 650 | _aLABOUR AND LABOURING CLASSES | ||
| 710 | _aUniversity of Rajasthan, Jaipur | ||
| 942 |
_cRP _2ddc |
||